Don Gil de las calzas verdes /

Պահպանված է:
Մատենագիտական մանրամասներ
Հիմնական հեղինակ: Tirso de Molina (autor)
Այլ հեղինակներ: Loveluck, Juan (edición, prólogo y notas) (edición, prólogo y notas)
Ձևաչափ: Գիրք
Լեզու:իսպաներեն
Հրապարակվել է: Santiago, Chile : Zig-Zag, 1954, c1953
Շարք:(Biblioteca Zig-Zag. Serie Verde ; 88, 89)
Խորագրեր:
Ցուցիչներ: Ավելացրեք ցուցիչ
Չկան պիտակներ, Եղեք առաջինը, ով նշում է այս գրառումը!

MARC

LEADER 00000nam^a2200000^a^4500
001 000316214
005 20250521000000.0
009 20260310113306.329
037 |a Acervo Xavier Clavigero 
041 |a ESP 
082 |a 862.  |b TIR 
100 |a Tirso de Molina  |e (autor) 
240 1 1 |a [Don Gil de las calzas verdes] 
245 1 0 |a Don Gil de las calzas verdes /  |c T. de Molina ; ed., pról. y notas de J. Loveluck. 
264 4 |a Santiago, Chile :  |b Zig-Zag,  |c 1954, c1953 
300 |a 202 p. 
336 |a texto  |b txt  |2 rdacontenido 
337 |a sin mediación  |b n  |2 rdamedio 
338 |a volumen  |b nc  |2 rdasoporte 
440 1 |a (Biblioteca Zig-Zag.  |p Serie Verde ;  |v 88, 89) 
545 0 |a Tirso de Molina es el seudónimo de Gabriel Téllez (1583-1648), fraile de la Orden de la Merced y escritor del Siglo de Oro español nacido en Madrid, que destacó en el género dramático. De sus personajes creados sobresale el famoso don Juan Tenorio. Sus escritos describen las costumbres y la moral de su época, además de otorgar un papel preponderante a sus personajes femeninos. Entre sus dramas se encuentran El burlador de Sevilla y convidado de piedra, El vergonzoso en palacio, La gallega Mari-Hernández, La prudencia en la mujer, Don Gil de las calzas verdes, y La ninfa del cielo. En prosa se le conocen Cigarrales de Toledo, Deleitar aprovechando e Historia general de la Orden de la Merced. 
649 |a XX 
650 |a Comedia Española 
650 |a Teatro Español 
650 |a Literatura Española -  |y Siglo XVII 
650 |a Literatura Española -  |y Epoca Clásica, 1500-1700 
700 |a Loveluck, Juan  |e (edición, prólogo y notas) 
910 |a Fondo General 
920 |a Impresos - Libros 
930 |a Colección General 
940 |a Literatura 
905 |a 101 
901 |a 056233  |b IT1  |c LIT  |u 20250521 
902 |a https://opac.biblio.iteso.mx/vufind/Record/000316214